|
|
|
|
| LEADER |
02326nam a2200397 a 4500 |
| 001 |
45784 |
| 003 |
BD-DhAAL |
| 005 |
20260513130645.0 |
| 008 |
070606t2007 hiuab b s001 0 eng |
| 010 |
|
|
|a 2007023706
|
| 020 |
|
|
|a 9780824831264
|
| 020 |
|
|
|a 0824831268
|
| 020 |
|
|
|a 9780824831912
|
| 020 |
|
|
|a 0824831918
|
| 035 |
|
|
|a 14881145
|
| 035 |
|
|
|a (OCoLC)141381983
|
| 040 |
|
|
|a DLC
|c DLC
|d YDX
|d YDXCP
|d BTCTA
|d C#P
|d BWX
|d BAKER
|d IXA
|d DLC
|d BD-DhAAL
|
| 043 |
|
|
|a a-ja---
|
| 050 |
0 |
0 |
|a BQ689
|b .G73 2007
|
| 082 |
0 |
0 |
|a 700.482943952
|2 22
|
| 100 |
1 |
|
|a Graham, Patricia Jane.
|9 60710
|
| 245 |
1 |
0 |
|a Faith and power in Japanese Buddhist art, 1600-2005 /
|c Patricia J. Graham.
|
| 260 |
|
|
|a Honolulu :
|b University of Hawai'i Press,
|c c2007.
|
| 300 |
|
|
|a viii, 353 pages :
|b ill. (some col.), map ;
|c 26 cm
|
| 504 |
|
|
|a Includes bibliographical references (p. [313]-338) and index.
|
| 505 |
0 |
|
|a Buddhism in the arts of early modern Japan, 1600-1868 -- Institutional Buddhism under warrior rule -- Buddhist temples for the elites -- Temples for commoners -- Depictions of popular deities and spiritual concerns -- Professional icon-makers -- Expressions of faith -- Buddhist imagery and sacred sites in modern Japan, 1868-2005 -- Buddhist institutions after an era of persecution, 1868-1945 -- From icon to art, 1868-1945 -- Buddhist sites of worship, 1945-2005 -- Visualizing faith, 1945-2005.
|
| 526 |
8 |
|
|a AAL
|
| 541 |
|
|
|a Donated by Embassy of Japan in Bangladesh, Read Japan Project 2025, The Tokyo Foundation, supported by The Nippon Foundation.
|e 45784
|
| 650 |
|
0 |
|a Buddhism
|z Japan
|x History
|y 1600-1868.
|9 60711
|
| 650 |
|
0 |
|a Buddhism
|z Japan
|x History
|y 1868-1945.
|9 60712
|
| 650 |
|
0 |
|a Buddhism
|z Japan
|x History
|y 1945-
|9 60713
|
| 650 |
|
0 |
|a Buddhist arts
|z Japan.
|9 60714
|
| 852 |
1 |
|
|a Ayesha Abed Library
|c General Stacks
|
| 942 |
|
|
|2 ddc
|c BK
|
| 999 |
|
|
|c 47941
|d 47941
|
| 952 |
|
|
|0 0
|1 0
|2 ddc
|4 0
|6 700_482943952000000_GRA
|7 0
|9 79198
|a BRACUL
|b BRACUL
|d 2026-05-13
|e Donated by Embassy of Japan in Bangladesh, Read Japan Project 2025, The Tokyo Foundation, supported by The Nippon Foundation.
|l 0
|o 700.482943952 GRA
|p 3010045784
|r 2026-05-13
|t 1
|w 2026-05-13
|y BK
|x Donated copy received from Embassy of Japan in Bangladesh, Read Japan Project 2025, The Tokyo Foundation, supported by The Nippon Foundation on 08 April 2026; $26.96
|